A woman's best years : (Record no. 34760)
[ view plain ]
| 000 -LEADER | |
|---|---|
| fixed length control field | 00914nam a22002891 4500 |
| 001 - CONTROL NUMBER | |
| control field | 34760 |
| 003 - CONTROL NUMBER IDENTIFIER | |
| rucl marc code | BD-RjUL |
| 005 - DATE AND TIME OF LATEST TRANSACTION | |
| control field | 20211209052216.0 |
| 008 - FIXED-LENGTH DATA ELEMENTS--GENERAL INFORMATION | |
| fixed length control field | 140519r19471935enk 000 0 eng d |
| 035 ## - SYSTEM CONTROL NUMBER | |
| System control number | (BD-RjUL) |
| 040 ## - CATALOGING SOURCE | |
| Original cataloging agency | DLC |
| Transcribing agency | OCl |
| Modifying agency | DLC |
| -- | BD-RjUL |
| Language of cataloging | eng |
| 041 ## - LANGUAGE CODE | |
| Language code of text/sound track or separate title | eng |
| 082 00 - DEWEY DECIMAL CLASSIFICATION NUMBER | |
| Classification number | 396 |
| Author mark and year | WOW 1947 |
| 100 1# - MAIN ENTRY--PERSONAL NAME | |
| Personal name | Wolfe, W. Béran |
| Fuller form of name | (Walter Béran), |
| Dates associated with a name | 1900-1935. |
| 9 (RLIN) | 44956 |
| 245 12 - TITLE STATEMENT | |
| Title | A woman's best years : |
| Remainder of title | the art of staying young / |
| Statement of responsibility, etc. | by W. Béran Wolfe |
| 260 ## - PUBLICATION, DISTRIBUTION, ETC. (IMPRINT) | |
| Place of publication, distribution, etc. | London : |
| Name of publisher, distributor, etc. | Routledge, |
| Date of publication, distribution, etc. | 1947. |
| 300 ## - PHYSICAL DESCRIPTION | |
| Pagination | xii, 275 p. ; |
| Size | 22 cm. |
| 500 ## - GENERAL NOTE | |
| General note | At head of title: By W. Béran Wolfe. |
| General note | "Third printing January 19, 1935." |
| 650 #0 - SUBJECT ADDED ENTRY--TOPICAL TERM | |
| Topical term or geographic name as entry element | Women |
| General subdivision | Social and moral questions. |
| 9 (RLIN) | 105779 |
| Topical term or geographic name as entry element | Women |
| General subdivision | Health and hygiene. |
| 9 (RLIN) | 105780 |
| Topical term or geographic name as entry element | Middle age. |
| 9 (RLIN) | 20096 |
| 942 ## - ADDED ENTRY ELEMENTS (KOHA) | |
| Source of classification or shelving scheme | Dewey Decimal Classification |
| Koha item type | Books |
| Lost status | Source of classification or shelving scheme | Damaged status | Not for loan | Collection code | Permanent Location | Current Location | Shelving location | Date acquired | Total Checkouts | Full call number | Date last seen | Copy number | Koha item type |
|---|---|---|---|---|---|---|---|---|---|---|---|---|---|
| Dewey Decimal Classification | Non-fiction | Central Library, University of Rajshahi | Central Library, University of Rajshahi | 19/05/2014 | 396 WOW 1947 | 19/05/2014 | C-2 | Books |